000 00675nas a2200229 4500
001 BR8107313
003 BR-BrBNA
005 20231205084904.0
007 ta
008 230509b bl.|||p| |||| 00| 00por d
040 _aBR-BrBNA
_bpor
_cBiblioteca Nacional de Agricultura
041 _a(Pt)
072 _aF00
100 1 _aRodriguez, O.
245 1 _aAs citriculturas da Florida (USA)e de Sao Paulo [Brasil]
650 _aFRUTA CITRICA
650 _aPRATICA CULTURAL
650 _aESTADOS UNIDOS DA AMERICA
773 0 _tAgroquimica (Brazil)
_xISSN 0100-6312
_g(1981), (no. 15) p. 4-11
_wBR8107313
909 _a202311
_bLúcia
_c55
_dLúcia Elande
942 _2AGRIS
_n0
_cANA
999 _c107923
_d107923